000
00312nam a22001337a 4500
020
_a
978-93-5103-044-7
082
_a
613.7046
_b
KRI/Y
100
_a
KRIPALANI, COONOOR
245
_a
LET'S DO YOGA
260
_a
GURGAON
_b
SCHOLASTIC INDIA
_c
2013
300
_a
44
650
_a
HEALTH AND FITNESS
_z
INDIA
942
_c
BK
999
_c
5474
_d
5474